| 000 | 04680cam a2200925 i 4500 | ||
|---|---|---|---|
| 001 | 1739 | ||
| 003 | FISKH | ||
| 005 | 20241107104346.0 | ||
| 008 | 150414m20082009enka j 001 0 | ||
| 010 | _a 2015301007 | ||
| 020 | _a9781407110356 (kit) | ||
| 020 | _a1407110357 (kit) | ||
| 020 | _a9781407110264 (vol. 1 : pbk.) | ||
| 020 | _a9780439944496 (vol. 2 : pbk.) | ||
| 020 | _a9780439944472 (vol. 3 : pbk.) | ||
| 020 | _a9780439944502 (vol. 4 : pbk.) | ||
| 020 | _a9780439944465 (vol. 5 : pbk.) | ||
| 020 | _a9780439944458 (vol. 6 : pbk.) | ||
| 020 | _a9781407105352 (vol. 7 : pbk.) | ||
| 020 | _a9780439944489 (vol. 8 : pbk.) | ||
| 020 | _a9781407110271 (vol. 9 : pbk.) | ||
| 020 | _a9781407106113 (vol. 10 : pbk.) | ||
| 020 | _a9781407109602 (vol. 11 : pbk.) | ||
| 020 | _a9781407106137 (vol. 12 : pbk.) | ||
| 020 | _a9780439944519 (vol. 13 : pbk.) | ||
| 020 | _a9781407109572 (vol. 14 : pbk.) | ||
| 020 | _a9781407105369 (vol. 15 : pbk.) | ||
| 020 | _a9781407106106 (vol. 16 : pbk.) | ||
| 020 | _a9781407106144 (vol. 17 : pbk.) | ||
| 020 | _a9781407109589 (vol. 18 : pbk.) | ||
| 020 | _a9780439944526 (vol. 19 : pbk.) | ||
| 020 | _a9781407106151 (vol. 20 : pbk.) | ||
| 040 |
_aDLC _beng _erda _cDLC |
||
| 042 | _apcc | ||
| 050 | 0 | 0 |
_aQ180.2 _bA76 2009 |
| 082 | _aFic | ||
| 100 | 1 |
_aArnold, Nick, _eauthor. |
|
| 245 | 1 | 0 |
_aHorrible science / _bthe fight for flight _cNick Arnold illustrated by Tony de Saulles |
| 264 | 1 |
_aLondon, UK : _bScholastic Children's Books, _c2008-2009. |
|
| 300 |
_a20 volumes : _billustrations ; _c20 cm |
||
| 336 |
_atext _btxt _2rdacontent |
||
| 337 |
_aunmediated _bn _2rdamedia |
||
| 338 |
_avolume _bnc _2rdacarrier |
||
| 500 | _aTitle, Horrible science, is in each volume and on each side of case and case bottom. Various phrases are on case top and sides, e.g., Bulging box of books, 20 brilliant books in one bulging box, and Science with the squishy bits left in! | ||
| 500 | _aAll volumes by Nick Arnold except for "Evolve or Die" by Phil Gates. All volumes are illustrated by Tony De Saulles. | ||
| 500 | _aContents indicated on side of case. | ||
| 500 | _aEach volume contains own index. | ||
| 505 | 0 | _aQ | |
| 505 | 0 | _a[volume 1]. Angry animals -- [volume 2]. Blood, bones, and body bits -- [volume 3]. Bulging brains -- [volume 4]. Chemical chaos -- [volume 5]. Deadly diseases -- [volume 6]. Disgusting digestion -- [volume 7]. Evolve or die -- [volume 8]. Fatal forces -- [volume 9]. The fight for flight -- [volume 10]. Frightening light -- [volume 11]. Killer energy -- [volume 12]. Microscopic monsters -- [volume 13]. Nasty nature -- [volume 14]. Painful poison -- [volume 15]. Shocking electricity -- [volume 16]. Sounds dreadful -- ]volume 17]. Space, stars, and slimy aliens -- [volume 18]. The terrible truth about time -- [volume 19]. Ugly bugs -- [volume 20]. Vicious veg. | |
| 520 | _aScience with the squishy bits left in! 'The Fearsome Fight for Flight' will send you sky-high! Are you in a flap to discover who put a parachute on a puppy? Why scientists fire dead birds from cannon? What happened to the world's first flying sheep? If you think you can stomach the sick side of science, then read on as we go plane crazy. Laugh at some seriously silly flying stunts, find out which scientist was blown up in a balloon, and learn how to build a world-beating plane. With fantastic fact files, quirky quizzes and crazy cartoons 'The Fearsome Fight for Flight' is a real high-flier! Science has never been so horrible! | ||
| 521 | 8 |
_a910
_bLexile |
|
| 521 | 8 |
_aQ
_bRaz-Plus |
|
| 650 | 0 |
_aScience _vJuvenile literature. |
|
| 650 | 0 |
_aScience _xStudy and teaching (Primary) |
|
| 700 | 1 |
_aDe Saulles, Tony, _eillustrator. |
|
| 700 | 1 |
_aGates, Phil, _eauthor. |
|
| 740 | 0 | 2 | _aAngry animals. |
| 740 | 0 | 2 | _aBlood, bones, and body bits. |
| 740 | 0 | 2 | _aBulging brains. |
| 740 | 0 | 2 | _aChemical chaos. |
| 740 | 0 | 2 | _aDeadly diseases. |
| 740 | 0 | 2 | _aDisgusting digestion. |
| 740 | 0 | 2 | _aEvolve or die. |
| 740 | 0 | 2 | _aFatal forces. |
| 740 | 0 | 2 | _aFight for flight. |
| 740 | 0 | 2 | _aFrightening light. |
| 740 | 0 | 2 | _aKiller energy. |
| 740 | 0 | 2 | _aMicroscopic monsters. |
| 740 | 0 | 2 | _aNasty nature. |
| 740 | 0 | 2 | _aPainful poison. |
| 740 | 0 | 2 | _aShocking electricity. |
| 740 | 0 | 2 | _aSounds dreadful. |
| 740 | 0 | 2 | _aSpace, stars, and slimy aliens. |
| 740 | 0 | 2 | _aTerrible truth about time. |
| 740 | 0 | 2 | _aUgly bugs. |
| 740 | 0 | 2 | _aVicious veg. |
| 906 |
_a7 _bcbc _corigres _d2 _encip _f20 _gy-gencatlg |
||
| 942 |
_2lcc _cBK _n0 |
||
| 999 |
_c1739 _d1739 |
||